000 00675nam a2200217Ia 4500
003 OSt
005 20230405143537.0
008 210423s2007 xx 000 0 und d
020 _a978-3-540-33989-2
040 _cAL
041 _aeng
082 _a541.38
_223
_bZOLT
100 _aZOLLE (Ilse)
_983469
245 _aTechnetium-99m pharmaceuticals: preparation and quality control in nuclear medicine
260 _aNew York
_bSpringer Pvt Ltd
_c2007
300 _axx,345
_bHB
365 _b15660.36
_cEUR
650 _aPhysical Chemistry
_983470
906 _acontrol ; medicine ; nuclear ; pharmaceuticals: ; preparation ; quality ; Technetium-99m
942 _2ddc
_cBK
999 _c169153
_d169153